[Event "Deutsche Ländermeisterschaft 2023"]
[Site "Hannover GER"]
[Date "2023.10.01"]
[Round "2"]
[White "Herrmann, Arthur"]
[Black "Nizamova, Rita"]
[Result "1-0"]
[Termination "normal"]
[Board "2.5"]
[WhiteElo "1930"]
[BlackElo "1825"]
[WhiteClock "00:08:38"]
[BlackClock "00:09:26"]
[WhiteTeam "Sachsen"]
[BlackTeam "Niedersachsen"]
[PlyCount "69"]
[WhiteFideId "16287150"]
[BlackFideId "16221940"]
[EventCountry "GER"]
[EventRounds "7"]
[EventType "team-swiss"]
[EventDate "2023.09.30"]

1. e4 {[%clk 01:30:56]} {[%emt 00:00:04]} c6 {[%clk 01:30:55]} {[%emt
00:00:05]} 2. d4 {[%clk 01:31:16]} {[%emt 00:00:09]} d5 {[%clk 01:31:21]}
{[%emt 00:00:04]} 3. exd5 {[%clk 01:31:40]} {[%emt 00:00:06]} cxd5 {[%clk
01:31:46]} {[%emt 00:00:05]} 4. Bd3 {[%clk 01:32:05]} {[%emt 00:00:05]} Nc6
{[%clk 01:32:12]} {[%emt 00:00:04]} 5. c3 {[%clk 01:32:31]} {[%emt 00:00:04]}
Nf6 {[%clk 01:32:38]} {[%emt 00:00:04]} 6. h3 {[%clk 01:32:55]} {[%emt
00:00:06]} e5 {[%clk 01:33:04]} {[%emt 00:00:03]} 7. dxe5 {[%clk 01:31:45]}
{[%emt 00:01:40]} Nxe5 {[%clk 01:33:25]} {[%emt 00:00:09]} 8. Nf3 {[%clk
01:29:10]} {[%emt 00:03:05]} Nxd3+ {[%clk 01:30:26]} {[%emt 00:03:28]} 9. Qxd3
{[%clk 01:29:35]} {[%emt 00:00:06]} Bd6 {[%clk 01:30:18]} {[%emt 00:00:38]} 10.
O-O {[%clk 01:25:25]} {[%emt 00:04:40]} O-O {[%clk 01:29:47]} {[%emt 00:01:00]}
11. Be3 {[%clk 01:20:15]} {[%emt 00:05:40]} b6 {[%clk 01:20:25]} {[%emt
00:09:53]} 12. Nbd2 {[%clk 01:16:23]} {[%emt 00:04:22]} Bb7 {[%clk 01:19:35]}
{[%emt 00:01:20]} 13. Nd4 {[%clk 01:11:45]} {[%emt 00:05:08]} Ne4 {[%clk
01:16:32]} {[%emt 00:03:33]} 14. Rfd1 {[%clk 01:05:06]} {[%emt 00:07:09]} Nc5
{[%clk 01:14:07]} {[%emt 00:02:55]} 15. Qc2 {[%clk 01:03:46]} {[%emt 00:01:50]}
Qf6 {[%clk 01:08:14]} {[%emt 00:06:23]} 16. Qf5 {[%clk 00:39:41]} {[%emt
00:24:34]} Be5 {[%clk 00:58:06]} {[%emt 00:10:38]} 17. N2f3 {[%clk 00:36:54]}
{[%emt 00:03:17]} Qxf5 {[%clk 00:53:19]} {[%emt 00:05:17]} 18. Nxf5 {[%clk
00:37:19]} {[%emt 00:00:06]} Bf6 {[%clk 00:53:41]} {[%emt 00:00:08]} 19. Bd4
{[%clk 00:25:57]} {[%emt 00:11:51]} Bxd4 {[%clk 00:52:15]} {[%emt 00:01:56]}
20. Rxd4 {[%clk 00:24:12]} {[%emt 00:02:16]} Rad8 {[%clk 00:48:00]} {[%emt
00:04:45]} 21. Rad1 {[%clk 00:22:04]} {[%emt 00:02:37]} Rfe8 {[%clk 00:45:54]}
{[%emt 00:02:37]} 22. Ne3 {[%clk 00:20:33]} {[%emt 00:02:01]} Ne6 {[%clk
00:45:11]} {[%emt 00:01:13]} 23. R4d2 {[%clk 00:19:53]} {[%emt 00:01:10]} Nf4
{[%clk 00:32:26]} {[%emt 00:13:15]} 24. c4 {[%clk 00:17:34]} {[%emt 00:02:49]}
d4 {[%clk 00:26:38]} {[%emt 00:06:18]} 25. Nxd4 {[%clk 00:16:54]} {[%emt
00:01:09]} h5 {[%clk 00:21:42]} {[%emt 00:05:26]} 26. Nb5 {[%clk 00:15:30]}
{[%emt 00:01:52]} Rxd2 {[%clk 00:18:15]} {[%emt 00:03:58]} 27. Rxd2 {[%emt
00:00:09]} a6 {[%clk 00:16:30]} {[%emt 00:02:11]} 28. Nc3 {[%clk 00:14:18]}
{[%emt 00:02:07]} Re6 {[%clk 00:15:34]} {[%emt 00:01:26]} 29. Rd8+ {[%clk
00:12:36]} {[%emt 00:02:12]} Kh7 {[%clk 00:15:53]} {[%emt 00:00:11]} 30. Rd7
{[%clk 00:10:57]} {[%emt 00:02:08]} Bc6 {[%clk 00:12:55]} {[%emt 00:03:28]} 31.
Rxf7 {[%clk 00:10:54]} {[%emt 00:00:33]} Nd3 {[%clk 00:12:27]} {[%emt
00:00:59]} 32. b3 {[%clk 00:10:16]} {[%emt 00:01:08]} Ne5 {[%clk 00:11:58]}
{[%emt 00:00:58]} 33. Ra7 {[%clk 00:09:37]} {[%emt 00:01:08]} a5 {[%clk
00:11:28]} {[%emt 00:01:01]} 34. Ne2 {[%clk 00:09:00]} {[%emt 00:01:08]} Rd6
{[%clk 00:09:26]} {[%emt 00:02:33]} 35. Rxg7+ {[%clk 00:08:38]} {[%emt
00:00:52]} 1-0

[Event "Deutsche Ländermeisterschaft 2023"]
[Site "Hannover GER"]
[Date "2023.10.01"]
[Round "2"]
[White "Tarasenko, Nazar"]
[Black "Glowiak, Alexandra"]
[Result "0-1"]
[Termination "normal"]
[Board "2.6"]
[WhiteElo "1873"]
[BlackElo "1683"]
[WhiteClock "01:54:59"]
[BlackClock "00:08:22"]
[WhiteTeam "Niedersachsen"]
[BlackTeam "Sachsen"]
[PlyCount "100"]
[WhiteFideId "34161430"]
[BlackFideId "16259530"]
[EventCountry "GER"]
[EventRounds "7"]
[EventType "team-swiss"]
[EventDate "2023.09.30"]

1. d4 {[%clk 01:30:59]} {[%emt 01:21:06]} d5 {[%clk 01:30:53]} {[%emt
00:00:07]} 2. c4 {[%clk 01:31:26]} {[%emt 00:00:04]} e6 {[%clk 01:31:20]}
{[%emt 00:00:03]} 3. Nc3 {[%clk 01:31:53]} {[%emt 00:00:03]} Nf6 {[%clk
01:31:43]} {[%emt 00:00:08]} 4. cxd5 {[%clk 01:32:18]} {[%emt 00:00:05]} exd5
{[%clk 01:32:07]} {[%emt 00:00:06]} 5. Bg5 {[%clk 01:32:44]} {[%emt 00:00:03]}
Be7 {[%clk 01:32:31]} {[%emt 00:00:05]} 6. e3 {[%clk 01:33:08]} {[%emt
00:00:07]} O-O {[%clk 01:32:41]} {[%emt 00:00:21]} 7. Qc2 {[%clk 01:33:27]}
{[%emt 00:00:10]} c6 {[%clk 01:32:44]} {[%emt 00:00:27]} 8. Bd3 {[%clk
01:33:46]} {[%emt 00:00:11]} Nbd7 {[%clk 01:32:51]} {[%emt 00:00:23]} 9. Nf3
{[%clk 01:34:07]} {[%emt 00:00:09]} Re8 {[%clk 01:33:04]} {[%emt 00:00:17]} 10.
O-O {[%clk 01:34:30]} {[%emt 00:00:07]} h6 {[%clk 01:25:18]} {[%emt 00:08:17]}
11. Bh4 {[%clk 01:34:52]} {[%emt 00:00:08]} Ne4 {[%clk 01:20:15]} {[%emt
00:05:33]} 12. Bxe4 {[%clk 01:35:15]} {[%emt 00:00:07]} Bxh4 {[%clk 01:20:22]}
{[%emt 00:00:23]} 13. Bh7+ {[%clk 01:35:43]} {[%emt 00:00:03]} Kh8 {[%clk
01:19:09]} {[%emt 00:01:43]} 14. Bd3 {[%clk 01:36:05]} {[%emt 00:00:07]} Be7
{[%clk 01:16:04]} {[%emt 00:03:36]} 15. Rab1 {[%clk 01:36:29]} {[%emt
00:00:07]} Nf6 {[%clk 01:07:30]} {[%emt 00:09:03]} 16. b4 {[%clk 01:36:49]}
{[%emt 00:00:09]} a6 {[%clk 01:06:34]} {[%emt 00:01:26]} 17. a4 {[%clk
01:37:14]} {[%emt 00:00:05]} Bd6 {[%clk 01:01:05]} {[%emt 00:05:59]} 18. b5
{[%clk 01:37:37]} {[%emt 00:00:07]} axb5 {[%clk 01:00:58]} {[%emt 00:00:37]}
19. axb5 {[%clk 01:37:54]} {[%emt 00:00:13]} Bg4 {[%clk 00:56:13]} {[%emt
00:05:14]} 20. Nd2 {[%clk 01:38:04]} {[%emt 00:00:19]} Qc7 {[%clk 00:55:09]}
{[%emt 00:01:34]} 21. h3 {[%clk 01:38:16]} {[%emt 00:00:18]} Be6 {[%clk
00:52:20]} {[%emt 00:03:19]} 22. bxc6 {[%clk 01:38:37]} {[%emt 00:00:10]} bxc6
{[%clk 00:49:21]} {[%emt 00:03:28]} 23. Bf5 {[%clk 01:37:21]} {[%emt 00:01:46]}
Bxf5 {[%clk 00:42:01]} {[%emt 00:07:50]} 24. Qxf5 {[%clk 01:37:37]} {[%emt
00:00:14]} Reb8 {[%clk 00:36:41]} {[%emt 00:05:51]} 25. Rxb8+ {[%clk 01:36:38]}
{[%emt 00:01:29]} Rxb8 {[%clk 00:34:22]} {[%emt 00:02:49]} 26. Rc1 {[%clk
01:36:30]} {[%emt 00:00:36]} Bb4 {[%clk 00:31:32]} {[%emt 00:03:21]} 27. g3
{[%clk 01:34:44]} {[%emt 00:02:17]} Bxc3 {[%clk 00:20:10]} {[%emt 00:11:52]}
28. Rxc3 {[%clk 01:33:02]} {[%emt 00:02:12]} Qa5 {[%clk 00:17:38]} {[%emt
00:03:01]} 29. Rc2 {[%clk 01:29:31]} {[%emt 00:04:01]} Qa1+ {[%clk 00:16:02]}
{[%emt 00:02:06]} 30. Kg2 {[%clk 01:29:31]} {[%emt 00:00:30]} Qd1 {[%clk
00:14:40]} {[%emt 00:01:51]} 31. Ra2 {[%clk 01:27:36]} {[%emt 00:02:25]} Kg8
{[%clk 00:13:48]} {[%emt 00:01:23]} 32. Qc2 {[%clk 01:26:26]} {[%emt 00:01:39]}
Qxc2 {[%clk 00:13:49]} {[%emt 00:00:29]} 33. Rxc2 {[%clk 01:26:50]} {[%emt
00:00:07]} Rb6 {[%clk 00:12:05]} {[%emt 00:02:14]} 34. Nf3 {[%clk 01:26:20]}
{[%emt 00:00:59]} Nd7 {[%clk 00:11:48]} {[%emt 00:00:47]} 35. Ne1 {[%clk
01:25:30]} {[%emt 00:01:21]} f6 {[%clk 00:11:39]} {[%emt 00:00:39]} 36. Nd3
{[%clk 01:25:38]} {[%emt 00:00:21]} Kf7 {[%clk 00:11:46]} {[%emt 00:00:22]} 37.
Kf3 {[%clk 01:25:55]} {[%emt 00:00:14]} Ke6 {[%clk 00:10:59]} {[%emt 00:01:16]}
38. Rc3 {[%clk 01:25:45]} {[%emt 00:00:42]} g6 {[%clk 00:07:54]} {[%emt
00:03:34]} 39. h4 {[%clk 01:25:49]} {[%emt 00:00:26]} f5 {[%clk 00:05:35]}
{[%emt 00:02:49]} 40. Nf4+ {[%clk 01:23:58]} {[%emt 00:02:22]} Kf6 {[%clk
00:04:52]} {[%emt 00:01:12]} 41. Ra3 {[%clk 01:23:46]} {[%emt 00:00:42]} g5
{[%clk 00:01:24]} {[%emt 00:03:58]} 42. hxg5+ {[%clk 01:24:11]} {[%emt
00:00:06]} hxg5 {[%clk 00:01:38]} {[%emt 00:00:15]} 43. Nd3 {[%clk 01:24:36]}
{[%emt 00:00:05]} g4+ {[%clk 00:23:13]} {[%emt 00:08:55]} 44. Kf4 {[%clk
01:54:12]} {[%emt 00:00:53]} Nf8 {[%clk 00:22:55]} {[%emt 00:00:48]} 45. e4
{[%clk 01:54:04]} {[%emt 00:00:39]} Ne6+ {[%clk 00:15:08]} {[%emt 00:08:18]}
46. Ke3 {[%clk 01:54:26]} {[%emt 00:00:07]} fxe4 {[%clk 00:10:45]} {[%emt
00:04:54]} 47. Ne5 {[%clk 01:54:47]} {[%emt 00:00:08]} Kf5 {[%clk 00:10:21]}
{[%emt 00:00:54]} 48. Rc3 {[%clk 01:54:22]} {[%emt 00:00:55]} c5 {[%clk
00:08:53]} {[%emt 00:01:59]} 49. dxc5 {[%clk 01:54:44]} {[%emt 00:00:08]} d4+
{[%clk 00:08:11]} {[%emt 00:01:11]} 50. Ke2 {[%clk 01:54:59]} {[%emt 00:00:15]}
Rb2+ {[%clk 00:08:22]} {[%emt 00:00:19]} 0-1

[Event "Deutsche Ländermeisterschaft 2023"]
[Site "Hannover GER"]
[Date "2023.10.01"]
[Round "2"]
[White "Baklan, Kira"]
[Black "Mehner, Clara"]
[Result "0-1"]
[Termination "normal"]
[Board "2.8"]
[WhiteElo "1096"]
[BlackElo "1339"]
[WhiteClock "01:18:02"]
[BlackClock "00:25:07"]
[WhiteTeam "Niedersachsen"]
[BlackTeam "Sachsen"]
[PlyCount "110"]
[WhiteFideId "34186514"]
[BlackFideId "34612165"]
[EventCountry "GER"]
[EventRounds "7"]
[EventType "team-swiss"]
[EventDate "2023.09.30"]

1. e4 {[%clk 01:30:58]} e6 {[%clk 01:30:56]} {[%emt 00:00:05]} 2. d4 {[%clk
01:31:09]} {[%emt 00:00:18]} d5 {[%clk 01:31:20]} {[%emt 00:00:07]} 3. e5
{[%clk 01:31:34]} {[%emt 00:00:06]} c5 {[%clk 01:31:36]} {[%emt 00:00:14]} 4.
Nf3 {[%clk 01:31:35]} {[%emt 00:00:29]} Nc6 {[%clk 01:31:37]} {[%emt 00:00:28]}
5. Nc3 {[%clk 01:30:44]} {[%emt 00:01:21]} Qb6 {[%clk 01:31:13]} {[%emt
00:00:55]} 6. Ne2 {[%clk 01:28:40]} {[%emt 00:02:35]} cxd4 {[%clk 01:23:34]}
{[%emt 00:08:09]} 7. Nexd4 {[%clk 01:28:12]} {[%emt 00:00:56]} Bc5 {[%clk
01:22:47]} {[%emt 00:01:18]} 8. c3 {[%clk 01:24:30]} {[%emt 00:04:12]} Nge7
{[%clk 01:21:18]} {[%emt 00:01:58]} 9. b3 {[%clk 01:21:24]} {[%emt 00:03:37]}
Ng6 {[%clk 01:19:10]} {[%emt 00:02:37]} 10. Bb5 {[%clk 01:20:43]} {[%emt
00:01:12]} O-O {[%clk 01:16:35]} {[%emt 00:03:04]} 11. Bxc6 {[%clk 01:20:45]}
{[%emt 00:00:28]} bxc6 {[%clk 01:16:39]} {[%emt 00:00:27]} 12. O-O {[%clk
01:20:51]} {[%emt 00:00:25]} Ba6 {[%clk 01:06:09]} {[%emt 00:11:00]} 13. Re1
{[%clk 01:09:30]} {[%emt 00:11:50]} Rab8 {[%clk 00:56:52]} {[%emt 00:09:47]}
14. Rb1 {[%clk 01:08:11]} {[%emt 00:01:49]} Rfc8 {[%clk 00:51:02]} {[%emt
00:06:19]} 15. Be3 {[%clk 01:05:01]} {[%emt 00:03:40]} Rc7 {[%clk 00:46:08]}
{[%emt 00:05:25]} 16. Qd2 {[%clk 01:04:12]} {[%emt 00:01:17]} Rcb7 {[%clk
00:42:06]} {[%emt 00:04:33]} 17. Qc2 {[%clk 01:00:52]} {[%emt 00:03:47]} Bxd4
{[%clk 00:29:34]} {[%emt 00:13:04]} 18. Bxd4 {[%clk 01:00:39]} {[%emt
00:00:42]} Qc7 {[%clk 00:28:12]} {[%emt 00:01:51]} 19. Qd2 {[%clk 00:59:43]}
{[%emt 00:01:26]} Rb5 {[%clk 00:26:32]} {[%emt 00:02:10]} 20. b4 {[%clk
00:58:17]} {[%emt 00:01:57]} R5b7 {[%clk 00:17:21]} {[%emt 00:09:40]} 21. Bc5
{[%clk 00:58:17]} {[%emt 00:00:28]} Rd8 {[%clk 00:16:44]} {[%emt 00:01:08]} 22.
Bd6 {[%clk 00:57:17]} {[%emt 00:01:31]} Qd7 {[%clk 00:16:41]} {[%emt 00:00:33]}
23. Bc5 {[%clk 00:57:06]} {[%emt 00:00:42]} Bc4 {[%clk 00:15:20]} {[%emt
00:01:51]} 24. a3 {[%clk 00:57:05]} {[%emt 00:00:31]} Ne7 {[%clk 00:12:56]}
{[%emt 00:02:53]} 25. Qc2 {[%clk 00:56:41]} {[%emt 00:00:53]} Nf5 {[%clk
00:11:48]} {[%emt 00:01:39]} 26. Nd2 {[%clk 00:55:41]} {[%emt 00:01:31]} Bb5
{[%clk 00:11:22]} {[%emt 00:00:56]} 27. Rbd1 {[%clk 00:55:31]} {[%emt
00:00:39]} Qc7 {[%clk 00:10:21]} {[%emt 00:01:30]} 28. Nf3 {[%clk 00:55:26]}
{[%emt 00:00:36]} a5 {[%clk 00:09:25]} {[%emt 00:01:27]} 29. Ng5 {[%clk
00:55:24]} {[%emt 00:00:28]} h6 {[%clk 00:08:30]} {[%emt 00:01:30]} 30. Nf3
{[%clk 00:55:27]} {[%emt 00:00:26]} Ra8 {[%clk 00:08:08]} {[%emt 00:00:52]} 31.
h3 {[%clk 00:55:44]} {[%emt 00:00:12]} axb4 {[%clk 00:08:19]} {[%emt 00:00:20]}
32. axb4 {[%clk 00:55:46]} {[%emt 00:00:28]} Ba4 {[%clk 00:08:33]} {[%emt
00:00:16]} 33. Qa2 {[%clk 00:55:48]} {[%emt 00:00:28]} Bxd1 {[%clk 00:06:11]}
{[%emt 00:02:51]} 34. Qxa8+ {[%clk 00:55:39]} {[%emt 00:00:40]} Rb8 {[%clk
00:06:23]} {[%emt 00:00:17]} 35. Qa1 {[%clk 00:55:30]} {[%emt 00:00:32]} Bxf3
{[%clk 00:06:38]} {[%emt 00:00:22]} 36. gxf3 {[%clk 00:55:44]} {[%emt
00:00:16]} Nh4 {[%clk 00:05:42]} {[%emt 00:01:26]} 37. Re3 {[%clk 00:55:12]}
{[%emt 00:01:01]} Qd8 {[%clk 00:04:45]} {[%emt 00:01:28]} 38. Rd3 {[%clk
00:53:24]} {[%emt 00:02:15]} Qg5+ {[%clk 00:04:19]} {[%emt 00:00:58]} 39. Kf1
{[%clk 00:53:21]} {[%emt 00:00:33]} Qg2+ {[%clk 00:03:02]} {[%emt 00:01:47]}
40. Ke2 {[%clk 00:53:33]} {[%emt 00:00:18]} Qxh3 {[%clk 00:02:38]} {[%emt
00:00:54]} 41. f4 {[%clk 00:53:20]} {[%emt 00:00:43]} Qg4+ {[%clk 00:02:27]}
{[%emt 00:00:41]} 42. Kd2 {[%clk 00:52:59]} {[%emt 00:00:52]} Qxf4+ {[%clk
00:01:44]} {[%emt 00:01:13]} 43. Kc2 {[%clk 00:52:34]} {[%emt 00:00:55]} Qxe5
{[%clk 00:00:53]} {[%emt 00:01:20]} 44. Qd1 {[%clk 00:51:20]} {[%emt 00:01:42]}
Ng2 {[%clk 00:29:22]} {[%emt 00:02:03]} 45. Qg4 {[%clk 01:20:28]} {[%emt
00:01:17]} Ne1+ {[%clk 00:29:10]} {[%emt 00:00:47]} 46. Kb3 {[%clk 01:20:28]}
{[%emt 00:00:29]} Nxd3 {[%clk 00:28:58]} {[%emt 00:00:43]} 47. Bd4 {[%clk
01:20:19]} {[%emt 00:00:38]} Qg5 {[%clk 00:29:11]} {[%emt 00:00:16]} 48. Qd1
{[%clk 01:19:42]} {[%emt 00:01:07]} Ne5 {[%clk 00:27:23]} {[%emt 00:02:19]} 49.
Qe2 {[%clk 01:19:50]} {[%emt 00:00:21]} Nc4 {[%clk 00:26:46]} {[%emt 00:01:08]}
50. f3 {[%clk 01:17:55]} {[%emt 00:02:25]} Ra8 {[%clk 00:25:43]} {[%emt
00:01:34]} 51. Qd3 {[%clk 01:17:13]} {[%emt 00:01:10]} Ra3+ {[%clk 00:24:44]}
{[%emt 00:01:28]} 52. Kc2 {[%clk 01:17:26]} {[%emt 00:00:19]} Qg2+ {[%clk
00:24:41]} {[%emt 00:00:32]} 53. Kc1 {[%clk 01:17:21]} {[%emt 00:00:36]} Qb2+
{[%clk 00:24:50]} {[%emt 00:00:21]} 54. Kd1 {[%clk 01:17:40]} {[%emt 00:00:11]}
Ra1+ {[%clk 00:25:07]} {[%emt 00:00:13]} 55. Qb1 {[%clk 01:18:02]} {[%emt
00:00:09]} Rxb1# {[%emt 00:00:10]} 0-1

[Event "Deutsche Ländermeisterschaft 2023"]
[Site "Hannover GER"]
[Date "2023.10.01"]
[Round "2"]
[White "Dauner, Benedikt"]
[Black "Petrovskiy, Vadim"]
[Result "0-1"]
[Termination "normal"]
[Board "3.1"]
[WhiteTitle "FM"]
[BlackTitle "IM"]
[WhiteElo "2385"]
[BlackElo "2413"]
[WhiteClock "00:01:03"]
[BlackClock "00:05:09"]
[WhiteTeam "Baden"]
[BlackTeam "Hessen"]
[PlyCount "80"]
[WhiteFideId "16225899"]
[BlackFideId "14165210"]
[EventCountry "GER"]
[EventRounds "7"]
[EventType "team-swiss"]
[EventDate "2023.09.30"]

1. e4 {[%clk 01:30:54]} {[%emt 00:00:04]} c5 {[%clk 01:30:54]} {[%emt
00:00:07]} 2. c3 {[%clk 01:31:04]} {[%emt 00:00:20]} Nf6 {[%clk 01:29:02]}
{[%emt 00:02:22]} 3. e5 {[%clk 01:31:16]} {[%emt 00:00:18]} Nd5 {[%clk
01:29:25]} {[%emt 00:00:07]} 4. Nf3 {[%clk 01:31:33]} {[%emt 00:00:13]} d6
{[%clk 01:29:07]} {[%emt 00:00:48]} 5. Bb5+ {[%clk 01:29:38]} {[%emt 00:02:24]}
Bd7 {[%clk 01:24:10]} {[%emt 00:05:28]} 6. Bc4 {[%clk 01:29:57]} {[%emt
00:00:11]} e6 {[%clk 01:21:58]} {[%emt 00:02:43]} 7. O-O {[%clk 01:28:40]}
{[%emt 00:01:46]} Bc6 {[%clk 01:18:25]} {[%emt 00:04:03]} 8. d4 {[%clk
01:22:59]} {[%emt 00:06:11]} Nd7 {[%clk 01:18:23]} {[%emt 00:00:32]} 9. dxc5
{[%clk 01:09:31]} {[%emt 00:13:58]} Nxe5 {[%clk 00:57:43]} {[%emt 00:21:11]}
10. Nxe5 {[%clk 01:07:40]} {[%emt 00:02:20]} dxe5 {[%clk 00:58:03]} {[%emt
00:00:11]} 11. b4 {[%clk 01:04:47]} {[%emt 00:03:22]} Be7 {[%clk 00:54:46]}
{[%emt 00:03:48]} 12. a3 {[%clk 00:44:10]} {[%emt 00:21:06]} O-O {[%clk
00:53:13]} {[%emt 00:02:02]} 13. Be2 {[%clk 00:41:42]} {[%emt 00:02:59]} a5
{[%clk 00:42:08]} {[%emt 00:11:35]} 14. c4 {[%clk 00:34:19]} {[%emt 00:07:53]}
Nf4 {[%clk 00:41:44]} {[%emt 00:00:54]} 15. Bxf4 {[%clk 00:33:56]} {[%emt
00:00:53]} exf4 {[%clk 00:42:11]} {[%emt 00:00:02]} 16. Nc3 {[%clk 00:32:58]}
{[%emt 00:01:27]} axb4 {[%clk 00:32:53]} {[%emt 00:09:49]} 17. axb4 {[%clk
00:32:26]} {[%emt 00:01:02]} Rxa1 {[%clk 00:30:43]} {[%emt 00:02:40]} 18. Qxa1
{[%clk 00:32:49]} {[%emt 00:00:06]} Bf6 {[%clk 00:31:10]} {[%emt 00:00:03]} 19.
Qe1 {[%clk 00:13:12]} {[%emt 00:20:06]} Be5 {[%clk 00:29:10]} {[%emt 00:02:30]}
20. Bf3 {[%clk 00:00:59]} {[%emt 00:12:44]} Qd4 {[%clk 00:17:47]} {[%emt
00:11:52]} 21. Ne4 {[%clk 00:00:50]} {[%emt 00:00:39]} Qxc4 {[%clk 00:17:45]}
{[%emt 00:00:33]} 22. Qb1 {[%clk 00:01:14]} {[%emt 00:00:05]} h6 {[%clk
00:15:02]} {[%emt 00:03:13]} 23. Rc1 {[%clk 00:00:45]} {[%emt 00:00:59]} Qa6
{[%clk 00:15:02]} {[%emt 00:00:30]} 24. Rd1 {[%clk 00:00:40]} {[%emt 00:00:36]}
Qa4 {[%clk 00:10:26]} {[%emt 00:05:06]} 25. h3 {[%clk 00:00:52]} {[%emt
00:00:18]} f5 {[%clk 00:10:04]} {[%emt 00:00:51]} 26. Nd2 {[%clk 00:00:33]}
{[%emt 00:00:49]} Rd8 {[%clk 00:10:21]} {[%emt 00:00:14]} 27. Nc4 {[%clk
00:00:48]} {[%emt 00:00:15]} Bd4 {[%clk 00:03:34]} {[%emt 00:07:17]} 28. Nd6
{[%clk 00:01:09]} {[%emt 00:00:08]} Bc3 {[%clk 00:01:52]} {[%emt 00:02:12]} 29.
b5 {[%clk 00:00:36]} {[%emt 00:01:04]} Bxf3 {[%clk 00:01:57]} {[%emt 00:00:25]}
30. gxf3 {[%clk 00:01:05]} {[%emt 00:00:01]} Bd4 {[%clk 00:01:59]} {[%emt
00:00:28]} 31. Kg2 {[%clk 00:00:48]} {[%emt 00:00:47]} Bxc5 {[%clk 00:02:15]}
{[%emt 00:00:14]} 32. Nxf5 {[%clk 00:00:41]} {[%emt 00:00:37]} Qxd1 {[%clk
00:02:04]} {[%emt 00:00:41]} 33. Nxh6+ {[%clk 00:00:58]} {[%emt 00:00:13]} gxh6
{[%clk 00:02:06]} {[%emt 00:00:28]} 34. Qg6+ {[%clk 00:01:23]} {[%emt
00:00:05]} Kf8 {[%clk 00:02:34]} {[%emt 00:00:03]} 35. Qf6+ {[%clk 00:00:48]}
{[%emt 00:01:04]} Ke8 {[%clk 00:03:02]} {[%emt 00:00:02]} 36. Qxe6+ {[%clk
00:01:04]} {[%emt 00:00:14]} Be7 {[%clk 00:03:30]} {[%emt 00:00:02]} 37. Qg6+
{[%clk 00:00:55]} {[%emt 00:00:39]} Kd7 {[%clk 00:03:57]} {[%emt 00:00:03]} 38.
Qf5+ {[%clk 00:00:51]} {[%emt 00:00:34]} Kc7 {[%clk 00:04:18]} {[%emt
00:00:09]} 39. b6+ {[%clk 00:01:10]} {[%emt 00:00:11]} Kxb6 {[%clk 00:04:41]}
{[%emt 00:00:07]} 40. Qe6+ {[%clk 00:01:03]} {[%emt 00:00:37]} Qd6 {[%clk
00:05:09]} {[%emt 00:00:03]} 0-1